00000000nam 2200000zi 4500
0019.945535
003CaOODSP
00520241125140614
006m     o  d f      
007cr mn|||||||||
008241125t19941994onc     o    f000 0 eng d
020 |z0662602757
040 |aCaOODSP|beng|erda|cCaOODSP
043 |an-cn---
0861 |aE2-136/1994E-PDF|zE2-136/1994
24500|aReport of Canada to the United Nations Commission on sustainable development.
264 1|a[Ottawa] : |b[Foreign Affairs and International Trade = Affaires étrangères et du Commerce international], |c[1994]
264 4|c©1994
300 |a1 online resource (62 pages)
336 |atext|btxt|2rdacontent
337 |acomputer|bc|2rdamedia
338 |aonline resource|bcr|2rdacarrier
500 |aIssued also in French under title: Rapport du Canada à la Commission du développement durable des Nations Unies.
500 |aDigitized edition from print [produced by Government of Canada Publications Directorate].
650 0|aInternational relations.
650 0|aSustainable development|zCanada.
7101 |aCanada. |bDepartment of Foreign Affairs and International Trade, |eissuing body.
77508|tRapport du Canada à la Commission du développement durable des Nations Unies.|w(CaOODSP)9.945538
7760#|tReport of Canada to the United Nations Commission on Sustainable Development |w(CaOODSP)9.656339
85640|qPDF|s62.80 MB|uhttps://publications.gc.ca/collections/collection_2024/amc-gac/E2-136-1994-eng.pdf